Statistics for Flags of All De Facto Countries of the World

Click here to take the quiz!

General Stats

  • This quiz has been taken 48 times
    (28 since last reset)
  • The average score is 154 of 211

Answer Stats

Answer% Correct
Argentina Republic
100%
Commonwealth of Australia
100%
Islamic Emirate of Afghanistan
100%
People’s Democratic Republic of Algeria
100%
Republic of Albania
100%
Republic of Angola
100%
Commonwealth Realm of Antigua and Barbuda
92%
Republic of Armenia
92%
Republic of Austria
92%
Arab Republic of Egypt
85%
Autonomous Entities of Bosnia-Herzegovina
85%
Central African Republic
85%
Commonwealth of Dominica
85%
Commonwealth of the Bahamas
85%
Commonwealth Realm of Belize
85%
Czech Republic
85%
Democratic Republic of the Congo
85%
Dominican Republic
85%
Dominion of Canada
85%
Federative Republic of Brazil
85%
Kingdom of Bahrain
85%
Kingdom of Belgium
85%
Kingdom of Bhutan
85%
Kingdom of Cambodia
85%
Kingdom of Denmark
85%
Nation of Brunei
85%
People’s Republic of Bangladesh
85%
People’s Republic of China
85%
Plurinational State of Bolivia
85%
Republic of Azerbaijan
85%
Republic of Belarus
85%
Republic of Benin
85%
Republic of Botswana
85%
Republic of Bulgaria
85%
Republic of Burkina Faso
85%
Republic of Burundi
85%
Republic of Cabo Verde
85%
Republic of Cameroon
85%
Republic of Chad
85%
Republic of Chile
85%
Republic of Colombia
85%
Republic of Costa Rica
85%
Republic of Côte d’Ivoire
85%
Republic of Croatia
85%
Republic of Cuba
85%
Republic of Cyprus
85%
Republic of Djibouti
85%
Republic of Ecuador
85%
Republic of the Congo
85%
State of Barbados
85%
Union of the Comoros
85%
Commonwealth Realm of Grenada
77%
Co-operative Republic of Guyana
77%
Federal Democratic Republic of Ethiopia
77%
Federal Republic of Germany
77%
French Republic
77%
Gabonese Republic
77%
Hamas Political Bureau in Gaza
77%
Hellenic Republic
77%
Islamic Republic of Iran
77%
Kingdom of Eswatini
77%
Republic of Abkhazia
77%
Republic of El Salvador
77%
Republic of Equatorial Guinea
77%
Republic of Estonia
77%
Republic of Fiji
77%
Republic of Finland
77%
Republic of Ghana
77%
Republic of Guatemala
77%
Republic of Guinea
77%
Republic of Guinea-Bissau
77%
Republic of Haiti
77%
Republic of Honduras
77%
Republic of Iceland
77%
Republic of India
77%
Republic of Indonesia
77%
Republic of Iraq
77%
Republic of Ireland
77%
Republic of the Gambia
77%
State of Eritrea
77%
State of Georgia
77%
State of Hungary
77%
State of Israel
77%
Bolivarian Republic of Venezuela
69%
Commonwealth Realm of Jamaica
69%
Commonwealth Realm of Saint Vincent and the Grenadines
69%
Commonwealth Realm of Solomon Islands
69%
Commonwealth Realm of Tuvalu
69%
Democratic People’s Republic of Korea
69%
Democratic Republic of São Tomé and Príncipe
69%
Democratic Republic of Timor-Leste
69%
Democratic Socialist Republic of Sri Lanka
69%
Entities of Malaysia
69%
Federal Democratic Republic of Nepal
69%
Federal Republic of Nigeria
69%
Federal Republic of Somalia
69%
Federated States of Micronesia
69%
Federation of Saint Christopher and Nevis
69%
Grand Duchy of Luxembourg
69%
Hashemite Kingdom of Jordan
69%
Independent State of Papua New Guinea
69%
Independent State of Samoa
69%
Islamic Republic of Mauritania
69%
Islamic Republic of Pakistan
69%
Islamic State of Iraq and the Levant
69%
Italian Republic
69%
Kingdom of Lesotho
69%
Kingdom of Morocco
69%
Kingdom of Norway
69%
Kingdom of Saudi Arabia
69%
Kingdom of Spain
69%
Kingdom of Sweden
69%
Kingdom of Thailand
69%
Kingdom of the Netherlands
69%
Kingdom of Tonga
69%
Kyrgyz Republic
69%
Lao People’s Democratic Republic
69%
Lebanese Republic
69%
Libyan Government of National Stability | Libyan Government of National Unity
69%
Mongolian State
69%
National Unity Government of Myanmar | State Administration Council of Myanmar
69%
Oriental Republic of the Uruguay
69%
Portuguese Republic
69%
Pridnestrovian Moldavian Republic
69%
Principality of Liechtenstein
69%
Principality of Monaco
69%
Principality of the Valleys of Andorra
69%
Realm of New Zealand
69%
Republic of Kazakhstan
69%
Republic of Kenya
69%
Republic of Kiribati
69%
Republic of Korea
69%
Republic of Kosovo
69%
Republic of Latvia
69%
Republic of Liberia
69%
Republic of Lithuania
69%
Republic of Madagascar
69%
Republic of Malawi
69%
Republic of Maldives
69%
Republic of Mali
69%
Republic of Malta
69%
Republic of Mauritius
69%
Republic of Moldova
69%
Republic of Mozambique
69%
Republic of Namibia
69%
Republic of Nauru
69%
Republic of Nicaragua
69%
Republic of North Macedonia
69%
Republic of Palau
69%
Republic of Panama
69%
Republic of Paraguay
69%
Republic of Poland
69%
Republic of Rwanda
69%
Republic of San Marino
69%
Republic of Senegal
69%
Republic of Serbia
69%
Republic of Seychelles
69%
Republic of Sierra Leone
69%
Republic of Singapore
69%
Republic of Slovenia
69%
Republic of South Africa
69%
Republic of South Ossetia
69%
Republic of South Sudan
69%
Republic of Suriname
69%
Republic of Tajikistan
69%
Republic of the Marshall Islands
69%
Republic of the Niger
69%
Republic of the Peru
69%
Republic of the Philippines
69%
Republic of the Sudan
69%
Republic of Trinidad and Tobago
69%
Republic of Tunisia
69%
Republic of Turkey
69%
Republic of Turkmenistan
69%
Republic of Uganda
69%
Republic of Uzbekistan
69%
Republic of Vanuatu
69%
Republic of Zambia
69%
Republic of Zimbabwe
69%
Russian Federation
69%
Sahrawi Arab Democratic Republic
69%
Slovak Republic
69%
Socialist Republic of Vietnam
69%
State of Japan
69%
State of Kuwait
69%
State of Montenegro
69%
State of Qatar
69%
State of Romania
69%
State of Ukraine
69%
Sultanate of Oman
69%
Swiss Confederation
69%
Syrian Arab Republic
69%
Togolese Republic
69%
Turkish Republic of Northern Cyprus
69%
United Arab Emirates
69%
United Kingdom of Great Britain and Northern Ireland
69%
United Mexican States
69%
United Republic of Tanzania
69%
United States of America
69%
Vatican City State
69%
Commonwealth Realm of Saint Lucia
62%
Yemeni Republic | Supreme Political Council of Yemen
62%
Republic of Somaliland
54%
South Yemen Movement Government
46%
Wa State
46%
Autonomous Administration of North and East Syria
38%
Federal Republic of Ambazonia
38%
State of Azawad
31%
Republic of Dar El-Kuti
23%
Syrian Salvation Government
15%
Syrian Interim Government
8%

Score Distribution

Percentile by Number Answered

Percent of People with Each Score

Your Score History

You have not taken this quiz since the last reset